000 00440nam a22001697a 4500
005 20251218155242.0
008 251218b |||||||| |||| 00| 0 eng d
020 _a978-81-19364-90-9
100 _aGUPTA, DEEPA
245 _aHR ANALYTICS
_bTHE FUTURE OF HR
260 _aDELHI
_bPHI LEARNING
_c2025
300 _aXXI, 380P.
500 _aINCLUDES INDEX
650 _a1. PERSONAL MANAGEMENT
700 _aGUPTA MUKUL
942 _2lcc
_cBK
999 _c216361
_d216361